01147nam a2200193Ia 4500001001100000003001000011008004100021040002500062041001300087100001900100245008400119250001200203260006500215300001200280500026200292501011400554520026200668650002300930L870-50302IT-CnALBA170116s9999||||xx |||||||||||||| ||und|| aIT-CnALBAcIT-CnALBA aITALIANO aREDFIELD JAMES 0aLA DECIMA ILLIMINAZIONE. ROMANZO. NUOVI ORIZZONTI DELLA PROFEZIA DI CELESTINO.  a16a ed. aMILANObCORBACCIO EDIZIONI SOC. ANONIMAc1996 [1° Ed.:1996] a212 p.  aDOPO LE NOVE ILLUSTRAZIONI, LA DECIMA. NUOVA AVVENTURA NELL'ANTICA FORESTA SUI MONTI APPALACHI. VIAGGIO VERSO ESPERIENZE E SECOLI PASSATI. VISIONE UNICA DEFINITIVA E PIENA DI GIOIA DELLA SPIRITUALITÀ UMANA. MOMENTO PRECEDENTE DELLA NOSTRA CONCEZIONE. VISI aSocietà San Paolo EM - Piazza San Paolo, 14 - 12051 ALBA (CN) (non commercial uses only) ® Copyright 2017 aDOPO LE NOVE ILLUSTRAZIONI, LA DECIMA. NUOVA AVVENTURA NELL'ANTICA FORESTA SUI MONTI APPALACHI. VIAGGIO VERSO ESPERIENZE E SECOLI PASSATI. VISIONE UNICA DEFINITIVA E PIENA DI GIOIA DELLA SPIRITUALITÀ UMANA. MOMENTO PRECEDENTE DELLA NOSTRA CONCEZIONE. VISI aLETTERATURA LATINA